000 00944nam0a22002651 4500
001 rc\2770184
005 20250806204257.0
035 _a(NLR Aleph) 006896569
090 _a26556
_c26556
100 _a20110915d1941 u y0rusy50 ca
101 1 _arus
_cukr
102 _aRU
105 _ay z |||a|
200 1 _aВо дни фельдфебеля
_eДрам. этюд
_e(Из жизни Т. Г. Шевченко в Орской крепости)
_fПер. с укр. А. Г. Глебова
210 _aМосква
_aЛенинград
_cИскусство
_d1941
_eМосква
215 _a32 с.
_d14 см.
700 1 _aСемешко
_bВ.Ф.
702 1 _aГлебов
_bА.Г.
_gАнатолий Глебович
_4730
801 0 _aRU
_bNLR
_gpsbo
801 1 _aRU
_bELAR
_2rusmarc
852 _aNLR
_jЛ30 Г-2/77
942 _cBOOK
945 _aРоссийская национальная библиотека
980 _aNB
980 _aBV